000
00339 a2200157 4500
001
72736
020
_a
9788508145621
040
_c
Anchieta - Colégio São Paulo
100
_a
Azevedo, Aluísio
240
1
0
_a
O cortiço
_l
por
245
1
0
_a
O cortiço
300
_a
248
362
0
_a
2014
650
4
_a
Ficção brasileira
942
_c
BK
999
_c
72736
_d
72736